000 00869nam a2200313Ia 4500
003 OSt
005 20220912151739.0
006 a|||||r|||| 00| 0
007 ta
008 220909b |||||||| |||| 00| 0 eng d
020 _a 0821841173 (set)
020 _a082184119X (Part 2)
024 _a2253
037 _cTextual
040 _aCSL
_beng
_cCSL
041 _aeng
082 _aBjN13, N3.2
100 _aGelfand Sergei Ed.
245 0 _aI M Gelfand seminar
260 _aProvidence, Rhode Island
_bAmerican Mathematical Soceity
_c1993
300 _a208p.
_ccm.
490 _aAdvances in Soviet mathematics; 16, 2
650 _a Festschrift
650 _a Gelfand I M
650 _aMathematics
700 _a Gindikin Simon Ed.
942 _hBjN13, N3.2
_cTEXL
_2CC
999 _c74516
_d74516